Tác động của kinh tế thị trường đến thực hành nghi lễ lên đồng ở đồng bằng Bắc Bộ /
Guardado en:
| Autor principal: | |
|---|---|
| Formato: | Artículo |
| Lenguaje: | Vietnamese |
| Etiquetas: |
Agregar Etiqueta
Sin Etiquetas, Sea el primero en etiquetar este registro!
|
| Thư viện lưu trữ: | Thư viện Trường Đại học Đà Lạt |
|---|
| LEADER | 00698nam a2200217 4500 | ||
|---|---|---|---|
| 001 | DLU140161341 | ||
| 005 | ##20140408 | ||
| 040 | # | # | |a DLU |b vie |
| 041 | # | # | |a vie |
| 044 | # | # | |a vn |
| 100 | # | # | |a Nguyễn Ngọc Mai. |
| 245 | # | # | |a Tác động của kinh tế thị trường đến thực hành nghi lễ lên đồng ở đồng bằng Bắc Bộ / |c Nguyễn Ngọc Mai. |
| 773 | # | # | |t Văn hóa nghệ thuật |g Số 352, 2013, tr. 24-30 |
| 920 | # | # | |a Phòng Tạp chí -- Trung tâm Thông tin - Thư viện Trường Đại học Đà Lạt |
| 900 | # | # | |a True |
| 911 | # | # | |a Hoàng Thị Huyền |
| 925 | # | # | |a G |
| 926 | # | # | |a A |
| 927 | # | # | |a BB |
| 980 | # | # | |a Thư viện Trường Đại học Đà Lạt |